<?xml version="1.0" encoding="UTF-8"?><?xml-stylesheet type="text/xsl" href="static/style.xsl"?><OAI-PMH xmlns="http://www.openarchives.org/OAI/2.0/" xmlns:xsi="http://www.w3.org/2001/XMLSchema-instance" xsi:schemaLocation="http://www.openarchives.org/OAI/2.0/ http://www.openarchives.org/OAI/2.0/OAI-PMH.xsd"><responseDate>2026-06-07T15:52:05Z</responseDate><request verb="GetRecord" identifier="oai:docta.ucm.es:20.500.14352/129670" metadataPrefix="marc">https://docta.ucm.es/rest/oai/request</request><GetRecord><record><header><identifier>oai:docta.ucm.es:20.500.14352/129670</identifier><datestamp>2026-01-09T00:49:54Z</datestamp><setSpec>com_20.500.14352_14</setSpec><setSpec>col_20.500.14352_15</setSpec></header><metadata><record xmlns="http://www.loc.gov/MARC21/slim" xmlns:dcterms="http://purl.org/dc/terms/" xmlns:xsi="http://www.w3.org/2001/XMLSchema-instance" xmlns:doc="http://www.lyncode.com/xoai" xsi:schemaLocation="http://www.loc.gov/MARC21/slim http://www.loc.gov/standards/marcxml/schema/MARC21slim.xsd">
   <leader>00925njm 22002777a 4500</leader>
   <datafield ind2=" " ind1=" " tag="042">
      <subfield code="a">dc</subfield>
   </datafield>
   <datafield ind2=" " ind1=" " tag="720">
      <subfield code="a">Sánchez González, Olga</subfield>
      <subfield code="e">author</subfield>
   </datafield>
   <datafield ind2=" " ind1=" " tag="720">
      <subfield code="a">Moya Cano, Alba</subfield>
      <subfield code="e">author</subfield>
   </datafield>
   <datafield ind2=" " ind1=" " tag="720">
      <subfield code="a">Moreno Clemente, Carlos</subfield>
      <subfield code="e">author</subfield>
   </datafield>
   <datafield ind2=" " ind1=" " tag="260">
      <subfield code="c">2024</subfield>
   </datafield>
   <datafield ind2=" " ind1=" " tag="520">
      <subfield code="a">El marketing sensorial aplicado al Turismo busca aportar novedad y valor a través del diseño de experiencias basadas en la utilización y potenciación de los sentidos. En el presente estudio se realiza una investigación centrada en el análisis de una fragancia con la pretensión de motivar al alumnado, su creatividad e inducir al pensamiento crítico. A través del estudio se propone al alumnado una reflexión sobre las percepciones y recuerdos evocados y su aplicación en el mercado laboral. Metodología: Desde un paradigma positivista se trata de explicar la realidad de los sujetos participantes y describir la importancia sobre la influencia de las sensaciones y recuerdos asociados a una experiencia olfativa dentro de la transversalidad de una asignatura. A través de la utilización de una metodología mixta de investigación se evidencia la gran influencia de variables sociodemográficas y la asociación de los recuerdos con la fragancia despertando el interés y la motivación del alumnado. Resultados: La exposición a un estímulo olfativo complementa el aprendizaje del contenido, y el desarrollo de habilidades y competencias transversales en el alumnado de distintas titulaciones superiores. Se evidencia una destacada influencia de la percepción olfativa sobre distintas variables sociodemográficas. Discusión: El aprendizaje experiencial de los sentimientos y recuerdos asociados a una fragancia ayuda al desarrollo del pensamiento crítico del alumnado para su aplicación en el mercado laboral. Conclusiones: Esta actividad innovadora permite el desarrollo de competencias ayudando a comprender la percepción subjetiva de los individuos y la importancia de las experiencias olfativas como herramientas de comunicación a nivel profesional dentro del ámbito del Turismo y el Marketing.</subfield>
   </datafield>
   <datafield ind1="8" ind2=" " tag="024">
      <subfield code="a">Sánchez-González, Olga; Moya Cano, Alba y Moreno Clemente, Carlos (2024). La aplicación de una experiencia olfativa como recurso educativo para el desarrollo de habilidades y competencias transversales dentro de la comunicación empresarial [The application of olfactory marketing as an educational resource for the development of transversal skills and competencies within business communication]. Revista de Ciencias de la Comunicación e Información, 29, 1-23. https://doi.org/10.35742/rcci.2024.29.e287</subfield>
   </datafield>
   <datafield ind1="8" ind2=" " tag="024">
      <subfield code="a">10.35742/rcci.2024.29.e287</subfield>
   </datafield>
   <datafield ind1="8" ind2=" " tag="024">
      <subfield code="a">https://hdl.handle.net/20.500.14352/129670</subfield>
   </datafield>
   <datafield ind1="8" ind2=" " tag="024">
      <subfield code="a">https://www.revistaccinformacion.net/index.php/rcci/article/view/287</subfield>
   </datafield>
   <datafield ind1="8" ind2=" " tag="024">
      <subfield code="a">https://udimundus.udima.es/handle/20.500.12226/1908</subfield>
   </datafield>
   <datafield ind2="0" ind1="0" tag="245">
      <subfield code="a">La aplicación de una experiencia olfativa como recurso educativo para el desarrollo de habilidades y competencias transversales dentro de la comunicación empresarial</subfield>
   </datafield>
</record></metadata></record></GetRecord></OAI-PMH>